00000000cam 2200000zi 4500
0019.959122
003CaOODSP
00520260603143333
006m     o  d f      
007cr |n|||||||||
008260120e198010  onc     ob   f000 0 eng d
040 |aCaOODSP|beng|erda|cCaOODSP
043 |an-cn---
0861 |aJS22-91/1980E-PDF
1001 |aGrainger, R., |eauthor.
24510|aUnemployment and crime : |ba critique of methodology / |cR. Grainger.
264 1|a[Ottawa] : |bSolicitor General Canada, |cOctober 1980.
300 |a1 online resource (50 pages)
336 |atext|btxt|2rdacontent
337 |acomputer|bc|2rdamedia
338 |aonline resource|bcr|2rdacarrier
500 |aDigitized edition from print [produced by Public Safety Canada].
500 |aIssued also in French under title: Le chômage et la criminalité : examen critique des méthodes de recherche.
504 |aIncludes bibliographical references (pages 48-50).
650 0|aUnemployment and crime.
7101 |aCanada. |bSolicitor General Canada, |eissuing body.
77508|tLe chômage et la criminalité : |w(CaOODSP)9.963296
85640|qPDF|s1.43 MB|uhttps://publications.gc.ca/collections/collection_2026/sp-ps/JS22-91-1980-eng.pdf